| 000 | 01215cam a22002294a 4500 | ||
|---|---|---|---|
| 005 | 20250605164241.0 | ||
| 008 | 250528s ||||||||||||||||||||||||d | ||
| 035 | _a21335 | ||
| 020 | _a9780470665763 | ||
| 040 |
_aGR-AtMCL _bgre _dGR-AtMCL _eAACR2 |
||
| 245 | 1 | _aInteraction Design / Beyond Human-Computer Interaction | |
| 250 | _a3rd | ||
| 260 |
_bJohn Wiley & Sons, Ltd, _c2011 |
||
| 300 | _a592 | ||
| 520 | _aThis book offers a cross-disciplinary, practical and process-oriented approach, showing not just what principles ought to apply to interaction design, but crucially how they can be applied. What is Interaction Design, Understanding and Conceptualizing Interaction, Cognitive Aspects, Social Interaction, Emotional Interaction, Interfaces, Data Gathering, Data Analysis and Interpretation and Presentation, The Process of Interaction Design, Establishing Requirements, Design and Prototyping and Construction, Introducing Evaluation, An Evaluation Framework, Evaluation Studies: From Controlled to Natural Settings, References, Index. | ||
| 700 | 1 |
_aPreece Jenny _91512 |
|
| 700 | 1 |
_aRogers Yvonne _97395 |
|
| 700 | 1 |
_aSharp Helen _91534 |
|
| 942 | _cBK | ||
| 999 |
_c6400 _d6400 |
||